Warcraft 3 Heroes Quiz - Statistics

General Stats
  • This quiz has been taken 174 times
  • The average score is 15 of 24
Answer Stats
Hint Answer % Correct
Human Paladin
95%
Undead Lich
87%
Undead Death Knight
86%
Night Elf Demon Hunter
84%
Human Archmage
83%
Orc Blademaster
83%
Human Mountain King
72%
Orc Far Seer
68%
Undead Dread Lord
66%
Human Blood Mage
65%
Night Elf Warden
65%
Undead Crypt Lord
60%
Orc Tauren Chieftain
60%
Night Elf Priestess of the Moon
58%
Night Elf Keeper of the Grove
55%
Neutral Pit Lord
51%
Orc Shadow Hunter
51%
Neutral Beastmaster
50%
Neutral Pandaren Brewmaster
50%
Neutral Firelord
47%
Neutral Goblin Tinker
45%
Neutral Dark Ranger
41%
Neutral Naga Sea Witch
40%
Neutral Goblin Alchemist
37%
No matching quizzes found
Score Distribution
Percent of People with Each Score
Percentile by Number Answered
Your Score History
You have not taken this quiz